Biggest Cities by Population in Hawaii - Statistics

General Stats
  • This quiz has been taken 10 times
  • The average score is 7 of 20
Answer Stats
Population City % Correct
337,256 Honolulu
100%
49,914 East Honolulu
70%
43,326 Hilo
70%
47,698 Pearl City
60%
26,337 Kahului
50%
38,635 Kailua
50%
20,881 Kihei
50%
38,216 Waipahu
40%
14,955 Ewa Beach
30%
22,690 Ewa Gentry
30%
34,597 Kaneohe
30%
27,629 Mililani Town
30%
14,014 Halawa
20%
15,186 Kapolei
20%
18,248 Makakilo
20%
16,370 Schofield Barracks
20%
17,821 Wahiawa
20%
21,039 Mililani Mauka
10%
14,525 Royal Kunia
10%
15,313 Wailuku
10%
No matching quizzes found
Score Distribution
Percent of People with Each Score
Percentile by Number Answered
Your Score History
You have not taken this quiz